000 00213 a2200097 4500
001 28565
100 _aTuli, G D
245 _aPhysical Chemistry (Pass Book)
260 _a
_bPremier Pub
_c
090 _c19130
_d19130
942 _aNUST-CAE
_cM
_c10148
999 _c263638
_d263638